01042pab a2200133 454500008004000000100002200040245008900062260000900151300001300160362001800173520065700191650002600848773003400874180718b1999 xxu||||| |||| 00| 0 eng d aManohar Rao, M.J. aFinancial programming and stabilisation policy options for macro-economic adjustment c1999 ap.99-114 a16 and 23 Jan aThe paper initially discusses the real and monetary aspects of short-run structural adjustment using a flow-of-funds methodology. Based upon such a framework, it then specifies an analytical basis which is capable of integrating the financial programming model of the Fund with the financial requirements approach of the Bank in a manner which removes the existing dichotomies between the real and financial sectors of the economy. The merged model, which defines monetary, external, real and financial sector equilibrium, is then used to prescribe feasible stabilisation policy options for the Indian economy over the current fiscal year. - Reproduced aStructural adjustment aEconomic and Political Weekly